000 00895nam a2200253Ia 4500
003 OSt
005 20220923224520.0
006 a|||||r|||| 00| 0
007 ta
008 Pun
020 _c20
024 _a238,202
037 _b236, 17/12/2008, N. R. Book Distributors
_cTextual
040 _aARTS
_cARTS
_bPun
041 _2Pun
_aPun
082 _aO153:gM, M9
100 _aਪ੍ਰੀਤਮ ਸਿੰਘ
245 0 _aਭਾਈ ਕਾਨਸ਼ ਸਿੰਘ ਨਾਭਾ
_b ਪਿਛੋਕੜ ਰਚਨਾ ਤੇ ਮੁਲੰਕਣ
260 _aਅੰਮ੍ਰਿਤਸਰ
_b ਗੁਰੂ ਨਾਨਕ ਦੇਵ ਯੂਨੀਵਰਸਿਟੀ
_c1989
300 _a110ਪੰ
_ccm.
650 _aਪੰਜਾਬੀ ਸਾਹਿਤ
942 _hO153:gM, M9
_cTEXL
_2CC
999 _c371943
_d371943